Highest Grossing Animated Films - Statistics

General Stats
  • This quiz has been taken 58 times
  • The average score is 10 of 20
Answer Stats
Year Gross Film % Correct
2010 1.07 b Toy Story 3
83%
2019 1.07 b Toy Story 4
83%
2013 1.29 b Frozen
81%
2019 1.45 b Frozen II
81%
1994 968 m The Lion King
70%
2019 1.67 b The Lion King (remake)
70%
2003 950 m Finding Nemo
68%
2018 1.24 b Incredibles 2
55%
2004 929 m Shrek 2
53%
2007 813 m Shrek the Third
53%
2015 858 m Inside Out
43%
2017 808 m Coco
40%
2016 1.03 b Finding Dory
38%
2013 971 m Despicable Me 2
36%
1017 1.04 b Despicable Me 3
36%
2015 1.16 b Minions
28%
2012 877 m Ice Age: Continental Drift
23%
2009 887 m Ice Age: Dawn of the Dinosaurs
23%
2016 1.02 b Zootopia
23%
2016 875 m The Secret Life of Pets
15%
No matching quizzes found
Score Distribution
Percent of People with Each Score
Percentile by Number Answered
Your Score History
You have not taken this quiz